000 00447ntaaa2200181 4500
003 01
005 20251027202754.0
008 0714s1973 ag 01
040 _aAR-BaBN
_bspa
_cAR-BaBN
_eaacr
_dRIC
082 _a808.0600 F63
100 _aFlesch, Rudolf
_925926
245 _aThe art of readable writing
250 _a1 ed.
260 _aNew York :
_bHarper and Row,
_cc1949
300 _axiv, 237 p
650 _aredacción
_95402
942 _cBK
999 _c22986
_d22986